| 000 | 01638nam0a2200361 4500 | ||
|---|---|---|---|
| 001 | RU\NLR\bibl\1766351 | ||
| 005 | 20250616125806.0 | ||
| 010 |
_a978-5-7253-2305-4 _9100 |
||
| 021 |
_aRU _b2011-27619 _91960 |
||
| 035 | _a(nilc)RSL-KNO-004929721 | ||
| 035 | _a(NLR Aleph) 001757147 | ||
| 090 |
_a1555410 _c1555410 |
||
| 100 | _a20110418d2010 |||y0rusy50 ca | ||
| 101 | 0 | _arus | |
| 102 | _aRU | ||
| 105 | _aa ||||||||| | ||
| 200 | 1 |
_aИсследование информированности населения Иркутской области об услугах страховых медицинских организаций _fТ.Г. Бахматова, А.А. Марасанова, С.С. Оношко _gМ-во образования и науки Рос. Федерации, Байк. гос. ун-т экономики и права |
|
| 210 |
_aИркутск _cИзд-во БГУЭП _d2010 |
||
| 215 |
_a33 с. _cил. _d22 |
||
| 320 | _aБиблиогр.: с. 21 (3 назв.) и в тексте | ||
| 606 | 1 |
_aСтраховая медицина _yИркутская область _92089688 _3RU\NLR\auth\661568520 |
|
| 686 |
_aУ9(2Р-4Ир)275,0 _2rubbk |
||
| 686 | _aР11(2)к | ||
| 700 | 1 |
_aБахматова _bТ. Г. _gТатьяна Георгиевна _4070 |
|
| 701 | 1 |
_aМарасанова _bА. А. _gАнна Александровна _4070 |
|
| 701 | 1 |
_aОношко _bС. С. _gСергей Сергеевич _4070 |
|
| 801 | 0 |
_aRU _bRuMoRKP _c20110418 _grcr |
|
| 801 | 1 |
_aRU _bРГБ _c20110418 |
|
| 801 | 2 |
_aRU _bNLR _c20110505 _grcr |
|
| 942 | _cBOOK | ||
| 980 | _aNB | ||
| 980 | _aNBR | ||